Initiales KA à KZ - Statistiques

Statistiques générales
  • Ce quiz a été pris 43 fois
  • Le résultat moyen est 7 sur 26
Statistiques - réponses
Initiales Définitions Réponses % Correct
KA Il joue dans Soda ainsi que les Profs Kev Adams
95%
KM Il est l'un des acteur principal du film Bienvenue chez les ch'tis Kad Merad
74%
KB Ancien basketteur américain dont le prénom et une ville du Japon Kobe Bryant
74%
KJ Demi-soeur de Kim Kardashian Kylie Jenner
67%
KW Elle joue Rose dans Titanic Kate Winslet
64%
KR Champion du monde finlandais de F1 en 2007 Kimi Raïkkonen
50%
KC Français vainqueur de la LDC avec le Bayern en 2020 Kingsley Coman
50%
KN Tennisman japonais, médaillé de bronze a Rio Kei Nishikori
40%
KD Elle incarne Mary-Jane Watson dans Spider-Man Kirsten Dunst
40%
KV Meilleur français au classement général sur le Tour de France 2025 Kevin Vauquelin
31%
KS Il est considéré comme le meilleur surfeur de tous les temps avec 11 titres Kelly Slater
26%
KL 23 titres de championne du monde pour cette nageuse Katie Ledecky
21%
KI Basketteur australien meneur des Mavericks de allas Kyrie Irving
19%
KX Série télévisée américaine créée par Eric Bress et J. Mackye Gruber Kyle XY
17%
KH Sa célébrité débute en jouant dans Dawson entre 1998 et 2003 Katie Holmes
10%
KF Authentik est le nom de son album le plus vendu Kenza Farah
10%
KK Double champion d'endurance, ce japonais a fait un podium en F1 Kamui Kobayashi
7%
KO Catcheur utilisant le marteau-pilon en prise de finition Kevin Owens
7%
KG Elle collabore avec Karl Lagerfeld pour sa collection KarlxKaia Kaia Gerber
2%
KE Champion du monde d'endurance auto en 2024 Kévin Estre
2%
KU Nom de la catcheuse connue sous le pseudo Asuka Kanako Urai
0%
KQ Actrice américaine ayant jouée dans Apollo 13 Kathleen Quinlan
0%
KP Elle joue Deva Syed dans la série de TF1, Ici tout commence. Kathy Pachianathan
0%
KZ Quadruple championne paralympique handisport tennis de table Kelly van Zon
0%
KT Nom du détective privé dans Le Mentaliste Kira Tinsley
0%
KY Patineuse américaine championne olympique en 1992 Kristi Yamaguchi
0%
Aucun quiz correspondant
Distribution des résultats
% des personnes avec chaque résultat
Percentile par nombre de réponses
Votre historique - résultats
Vous n’avez pas pris ce quiz